000 00417cam a2200181ua 4500
020 _c6.50
041 _ahin
_h
082 _a891.54
_bILA/NI
100 _aIlachandra, Joshi .
245 _aNivarsit /
_cIlachandra Joshi.
_hTextual Documents
250 _a2 /
_b.
260 _a :
_bBharati Bhandar ,
_c1958.
300 _a465 ; .
365 _a6.50
504 _a
942 _cBK
999 _c11933
_d11933